=LDR 00000nam 2200000 4500 =001 INLIS000000000047955 =005 20160314114150.0 =006 =007 =008 =020 ##$$a 3 - 596 - 11989 - 8 =035 ##$$0010-031600000000068 =082 ##$$a 668.5 =090 ##$$a 668.5 $b Hur e =100 ##$$a Hurton, Andrea =245 ##$$a Erotik des parfums : $b geschichte und praxis der schonen dufte / $c Andrea Hurton =260 ##$$a Frankfurt : $b Ficher Taschenbuch, $c 1994 =300 ##$$a 149 hlm. ; $c 19 cm. =650 ##$$a Parfum